<?xml version="1.0" encoding="UTF-8"?>
<record
    xmlns:xsi="http://www.w3.org/2001/XMLSchema-instance"
    xsi:schemaLocation="http://www.loc.gov/MARC21/slim http://www.loc.gov/standards/marcxml/schema/MARC21slim.xsd"
    xmlns="http://www.loc.gov/MARC21/slim">

  <leader>03320nam a2200253   4500</leader>
  <controlfield tag="003">vecauma</controlfield>
  <controlfield tag="005">20260415190411.0</controlfield>
  <controlfield tag="007">ta</controlfield>
  <controlfield tag="008">260415b        ve ||||| |||| 00| 0 spa d</controlfield>
  <datafield tag="020" ind1=" " ind2=" ">
    <subfield code="a">9501210081</subfield>
  </datafield>
  <datafield tag="040" ind1=" " ind2=" ">
    <subfield code="a">vecauma</subfield>
    <subfield code="b">spa</subfield>
    <subfield code="c">vecauma</subfield>
    <subfield code="d">vecauma</subfield>
    <subfield code="e">rda</subfield>
  </datafield>
  <datafield tag="041" ind1=" " ind2=" ">
    <subfield code="a">spa</subfield>
  </datafield>
  <datafield tag="100" ind1="1" ind2=" ">
    <subfield code="e">autor</subfield>
  </datafield>
  <datafield tag="245" ind1="1" ind2=" ">
    <subfield code="a">Comunicaci&#xF3;n y organizaci&#xF3;n</subfield>
    <subfield code="b">La organizaci&#xF3;n comunicante y la comunicaci&#xF3;n organizada </subfield>
    <subfield code="c">/ Annie Bartoli</subfield>
  </datafield>
  <datafield tag="264" ind1=" " ind2=" ">
    <subfield code="a">Argentina:</subfield>
    <subfield code="b">Ediciones Paid&#xF3;s Ib&#xE9;rica S.A.;</subfield>
    <subfield code="c">1992.</subfield>
  </datafield>
  <datafield tag="300" ind1=" " ind2=" ">
    <subfield code="a">221 p&#xE1;ginas.</subfield>
  </datafield>
  <datafield tag="336" ind1=" " ind2=" ">
    <subfield code="a">texto</subfield>
    <subfield code="b">txt</subfield>
    <subfield code="2">rdacontenido</subfield>
  </datafield>
  <datafield tag="337" ind1=" " ind2=" ">
    <subfield code="a">no mediado</subfield>
    <subfield code="b">n</subfield>
    <subfield code="2">rdamedio</subfield>
  </datafield>
  <datafield tag="338" ind1=" " ind2=" ">
    <subfield code="a">volumen</subfield>
    <subfield code="b">nc</subfield>
    <subfield code="2">rdasoporte</subfield>
  </datafield>
  <datafield tag="505" ind1="0" ind2=" ">
    <subfield code="a">La organizaci&#xF3;n multidimensional /
El caleidoscopio de la comunicaci&#xF3;n /
Organizaci&#xF3;n comunicante y comunicaci&#xF3;n organizada /
Gesti&#xF3;n "organizacional-comunicaci&#xF3;n" /
</subfield>
  </datafield>
  <datafield tag="520" ind1="3" ind2=" ">
    <subfield code="a">Una de las necesidades b&#xE1;sicas del universo empresarial y de las personas que forman parte de &#xE9;l consiste en alcanzar un nivel &#xF3;ptimo de organizaci&#xF3;n y comunicaci&#xF3;n. A menudo se piensa que &#xE9;ste es un proceso sencillo y natural, y ello hace que los problemas subsiguientes no se aborden de forma global. En efecto; tanto la organizaci&#xF3;n como la comunicaci&#xF3;n presentan una aparente paradoja: por un lado, parecen algo evidente; por otro, albergan una gran complejidad. El presente libro se enfrenta al tema desde un punto de vista original y pr&#xE1;ctico a la vez: el de la necesaria adecuaci&#xF3;n empresarial entre comunicaci&#xF3;n y organizaci&#xF3;n. Tras analizar con claridad las principales corrientes de pensamiento respecto a esos dos campos, la autora demuestra en qu&#xE9; puntos las pr&#xE1;cticas de organizaci&#xF3;n requieren m&#xE1;s apertura y flexibilidad, a la vez que caracteriza la comunicaci&#xF3;n como un proceso estrat&#xE9;gico cuya estructura no debe provocar su transformaci&#xF3;n en algo puramente instrumental. Todos estos objetivos llevan al desarrollo de una comunicaci&#xF3;n organizada en el interior de una organizaci&#xF3;n comunicante, especialmente mediante la propuesta de metodolog&#xED;as para la acci&#xF3;n. Teniendo en cuenta todos los campos interdisciplinarios en los que se mueven tanto la organizaci&#xF3;n como la comunicaci&#xF3;n -gesti&#xF3;n, sociolog&#xED;a, psicolog&#xED;a, ciencias pol&#xED;ticas, ingenier&#xED;a, inform&#xE1;tica, antropolog&#xED;a y etnolog&#xED;a, Bartoli intenta ayudar con este libro a estudiantes, investigadores y profesionales, con el fin de que conozcan algunas v&#xED;as de acci&#xF3;n necesarias para las actuales condiciones de evoluci&#xF3;n. De este modo, y en el marco de una aproximaci&#xF3;n global a la gesti&#xF3;n estrat&#xE9;gica, resultar&#xE1; por fin posible abordar modestamente la complejidad de esos dos conceptos aparentemente tan simples.  

Annie Bartoli Annie Bartoli, licenciada en Administraci&#xF3;n por la Escuela Superior de Comercio de Lyon, profesora de conferencias en el IAE de Lyon y en la Universidad de Saint-Etienne, y codirectores del CERIM (Centro de Investigaci&#xF3;n y de Intervenci&#xF3;n en Administraci&#xF3;n, Lyon), ha publicado otros dos libros; uno de ellos titulado Piloter L'Entreprise en mutation. Es asesora de varias empresas del sector p&#xFA;blico y privado en los campos de pol&#xED;tica general, organizaci&#xF3;n y comunicaci&#xF3;n, y coordina seminarios de formaci&#xF3;n para ejecutivos y gerentes.</subfield>
  </datafield>
  <datafield tag="942" ind1=" " ind2="1">
    <subfield code="2">lcc</subfield>
    <subfield code="n">0</subfield>
    <subfield code="c">BK</subfield>
  </datafield>
  <datafield tag="999" ind1=" " ind2=" ">
    <subfield code="c">13382</subfield>
    <subfield code="d">13382</subfield>
  </datafield>
  <datafield tag="952" ind1=" " ind2=" ">
    <subfield code="0">0</subfield>
    <subfield code="1">0</subfield>
    <subfield code="2">lcc</subfield>
    <subfield code="4">0</subfield>
    <subfield code="7">0</subfield>
    <subfield code="8">CG</subfield>
    <subfield code="a">BUMA</subfield>
    <subfield code="b">BUMA</subfield>
    <subfield code="c">GEN</subfield>
    <subfield code="d">2026-04-15</subfield>
    <subfield code="i">49950</subfield>
    <subfield code="l">0</subfield>
    <subfield code="p">2026-0522</subfield>
    <subfield code="r">2026-04-15</subfield>
    <subfield code="w">2026-04-15</subfield>
    <subfield code="y">BK</subfield>
  </datafield>
</record>
